| 000 | 01278nam a22003015i 4500 | ||
|---|---|---|---|
| 999 |
_c216541 _d216541 |
||
| 001 | 21926492 | ||
| 003 | OSt | ||
| 005 | 20260331153040.0 | ||
| 008 | 210304s2021 mou 000 0 eng | ||
| 010 | _a 2021934549 | ||
| 020 | _z9780323583411 | ||
| 040 |
_aLC _cUNZA _beng _eRDA |
||
| 050 |
_aRT 98 _bSTA 2018 |
||
| 100 | 1 |
_aStanhope, Marcia, _eauthor. |
|
| 245 | 1 | 0 |
_aFoundations for population health in community/public health nursing / _cMarcia Stanhope, PhD, RN, FAAN, Education and Practice Consultant and Professor Emeritus, College of Nursing, University if Kentucky, Lexington, Kentucky and Jeanette Lancaster, RN, PhF. FAAN, Sadie Heath Cabiness Professor and Dean Emeritus, School of Nursing, University of Virginia, Charlottesville, Virginia, Associate, Tuft & Associates, Inc. |
| 250 | _a6. | ||
| 260 |
_aSt. Louis, Missouri, _bElsevier, _c2018. |
||
| 263 | _a2111 | ||
| 300 |
_axii, 132 pages : _billustrations. |
||
| 336 |
_atext _btxt _2rdacontent |
||
| 337 |
_aunmediated _bn _2rdamedia |
||
| 338 |
_avolume _bnc _2rdacarrier |
||
| 504 | _aIncludes bibliographical references. | ||
| 650 |
_aCommunity health nursing _zUnited States. |
||
| 650 |
_aPublic health nursing _zUnited States. |
||
| 700 | 1 |
_aLancaster, Jeanette, _eauthor. |
|
| 942 |
_2lcc _cBOOK |
||